000 01314nam2a2200289 4500
001 RU\NLR\bibl\1000618
005 20250614224215.0
010 _a5-7385-0142-X
_92000
021 _aRU
_b2006-57529
_92846
035 _a(NLR Aleph) 000988338
090 _a502939
_c502939
100 _a20061024d2006 |||y0rusy50 ca
101 0 _arus
102 _aRU
105 _aac |||||||||
200 0 _aТ. 2
210 _d2006
_aБ. м.
215 _a526 с.
_cил., портр.
327 1 _aСодерж.: Уральский временникъ: свод эпических поэм; Механикус: драма; Заявочный знакъ: либретто оперы; Очаг надежд: вольные переводы; Сверхсекреты: стихи для детей
461 0 _1001RU\NLR\bibl\1006674
_12001#$aСобрание сочинений в трех томах$vТ. 2
_9538639
_aКонецкий, Ю. В. (1947-)
_cМосква
_d2006
_fЮрий Конецкий
_nМосковский Парнас
_tСобрание сочинений в трех томах
_y5-7385-0140-3
_vТ. 2
686 _aШ9(2)62=Р7-5
801 0 _aRU
_bNLR
_c20061024
_grcr
801 1 _aRU
_bNLR
_c20061024
942 _cBOOK
980 _aNB